Southville International School and Colleges
Your cart is empty.
  • Cart
  • Lists
    Public lists Eva Luna New books Lux_list list_1
    Your lists Log in to create your own lists
  • Log in to your account
  • Your cookies
  • Search history
Southville International School and Colleges
  • Advanced search
  • Recent comments
  • Most popular
  • Libraries

Log in to your account

Log in with GOOGLE


If you do not have an external account, but do have a local account, you can still log in:

  1. Home
  2. MARC view: Experimental psychology :
Normal view MARC view ISBD view

Experimental psychology : (Record no. 23582)

[ view plain ]
MARC details
000 -LEADER
fixed length control field 00667nam a2200229 a 4500
005 - DATE AND TIME OF LATEST TRANSACTION
control field 20140310183455.0
008 - FIXED-LENGTH DATA ELEMENTS--GENERAL INFORMATION
fixed length control field 030909s19uu xx 00 eng d
020 ## - INTERNATIONAL STANDARD BOOK NUMBER
International Standard Book Number 032431437x
050 ## - LIBRARY OF CONGRESS CALL NUMBER
Classification number BF 181
Item number .M39 2004
100 ## - MAIN ENTRY--PERSONAL NAME
Personal name McGuigan, James R.
245 ## - TITLE STATEMENT
Title Experimental psychology :
Remainder of title Methods of research /
Statement of responsibility, etc F.J. Mcguigan.
250 ## - EDITION STATEMENT
Edition statement 7th ed.
260 ## - PUBLICATION, DISTRIBUTION, ETC. (IMPRINT)
Place of publication, distribution, etc Australia :
Name of publisher, distributor, etc Thomson South-Western,
Date of publication, distribution, etc 2004.
300 ## - PHYSICAL DESCRIPTION
Extent 799 p. :
Other physical details ill. ;
Dimensions 22 cm.
521 ## - TARGET AUDIENCE NOTE
Target audience note
650 ## - SUBJECT ADDED ENTRY--TOPICAL TERM
Topical term or geographic name as entry element Corporations
General subdivision Finance.
650 ## - SUBJECT ADDED ENTRY--TOPICAL TERM
Topical term or geographic name as entry element Business enterprises
General subdivision Finance.
700 ## - ADDED ENTRY--PERSONAL NAME
Personal name Kretlow, William J.
700 ## - ADDED ENTRY--PERSONAL NAME
Personal name Moyer, Charles R.
942 ## - ADDED ENTRY ELEMENTS (KOHA)
Koha item type Books
Source of classification or shelving scheme Library of Congress Classification
Call number prefix Foreign
Holdings
Withdrawn status Lost status Source of classification or shelving scheme Damaged status Home library Current library Shelving location Date acquired Source of acquisition Total Checkouts Full call number Barcode Date last seen Date checked out Copy number Price effective from Koha item type
    Library of Congress Classification   College Library College Library General Circulation Section 12/11/2013 Donation 1 BF 181 .M39 2004 C7791 05/15/2018 07/04/2016 1 12/11/2013 Books
    Library of Congress Classification   College Library College Library General Circulation Section 12/11/2013 Donation   BF 181 .M39 2004 C6290 05/15/2018   2 12/11/2013 Books

Experimental psychology :

APA

McGuigan J. R., Kretlow W. J. & Moyer C. R. (2004). Experimental psychology. Australia: Thomson South-Western.

Chicago

McGuigan James R, Kretlow William J and Moyer Charles R. 2004. Experimental psychology. Australia: Thomson South-Western.

Harvard

McGuigan J. R., Kretlow W. J. and Moyer C. R. (2004). Experimental psychology. Australia: Thomson South-Western.

MLA

McGuigan James R, Kretlow William J and Moyer Charles R. Experimental psychology. Australia: Thomson South-Western. 2004.

  • Place hold
  • Print
  • Cite
  • Add to your cart (remove)
  • Save record
    BIBTEX Dublin Core MARCXML MARC (non-Unicode/MARC-8) MARC (Unicode/UTF-8) MARC (Unicode/UTF-8, Standard) MODS (XML) RIS
  • More searches
    Search for this title in:
    Other Libraries (WorldCat) Other Databases (Google Scholar) Online Stores (Bookfinder.com) Open Library (openlibrary.org)

Exporting to Dublin Core...

SOUTHVILLE LIBRARY

Southville International School and Colleges Library

1281 Tropical Ave. Cor. Luxembourg St., BF Homes International, Las Pinas City

Tel. No. 8256374 / 252358 Loc. 117/146

Powered by Koha